| 000 | 00899nam a22003137a 4500 | ||
|---|---|---|---|
| 001 | 000101435 | ||
| 003 | CHAP | ||
| 005 | 20220329143522.0 | ||
| 008 | 100325s2010 mx a r 00010 spa d | ||
| 010 | _a97898 | ||
| 011 | _a98870 | ||
| 020 | _a9786071503817 | ||
| 035 | _a109555 | ||
| 040 | _cCHAP | ||
| 082 | 0 | 4 |
_a540 _bQ89 |
| 245 | 0 | 0 |
_aQuímica : _bmateria y cambio / _c/por Laurel Dingrado ...[et al.]. |
| 260 |
_aMéxico : _bMcGraw Hill, _c2010. |
||
| 300 |
_axvi, 976 p. : _bil., cuadros, gráfs. |
||
| 590 |
_aBATCH-UPD _b10 _c20130110 _lUCH01 _h1510 |
||
| 590 |
_aBATCH-UPD _b10 _c20130410 _lUCH01 _h0928 |
||
| 590 |
_aBATCH-UPD _b10 _c20130914 _lUCH01 _h1210 |
||
| 590 |
_aCONVERSION _b10 _c20130109 _lUCH01 _h1354 |
||
| 590 |
_aE11695DGD _b10 _c20170616 _lUCH01 _h1226 |
||
| 650 | 0 | 4 |
_aQuímica. _993552 |
| 700 | 1 |
_aDingrado, Laurel _932622 |
|
| 901 | _aBK | ||
| 942 | _cLIBRO | ||
| 942 | _n0 | ||
| 999 |
_c97898 _d97898 |
||